000 00351nam a2200145Ia 4500
008 150201s2010 xx 000 0 und d
082 _a616.07
_bP10H
100 _aHARSH MOHAN
245 _aPATHOLOGY QUICK REVIEW AND MCQ,S
250 _a3RD
260 _bJAYPEE BROTHERS
_aDELHI
_c2010
300 _a1-771
650 _aPATHOLOGY
942 _2ddc
_cBK
_018
999 _c129
_d129